| 000 -LEADER |
| fixed length control field |
01828nam a22003615i 4500 |
| 001 - CONTROL NUMBER |
| control field |
21273660 |
| 005 - DATE AND TIME OF LATEST TRANSACTION |
| control field |
20220715134238.0 |
| 008 - FIXED-LENGTH DATA ELEMENTS--GENERAL INFORMATION |
| fixed length control field |
191029s2020 nyu j 000 0 eng |
| 010 ## - LIBRARY OF CONGRESS CONTROL NUMBER |
| LC control number |
2019953715 |
| 020 ## - INTERNATIONAL STANDARD BOOK NUMBER |
| International Standard Book Number |
9781260260496 |
| Qualifying information |
(hardcover) |
| 020 ## - INTERNATIONAL STANDARD BOOK NUMBER |
| Canceled/invalid ISBN |
9781260512977 |
| Qualifying information |
(ebook) |
| 040 ## - CATALOGING SOURCE |
| Original cataloging agency |
DLC |
| Language of cataloging |
eng |
| Description conventions |
rda |
| Transcribing agency |
DLC |
| 042 ## - AUTHENTICATION CODE |
| Authentication code |
pcc |
| 080 ## - UNIVERSAL DECIMAL CLASSIFICATION NUMBER |
| Universal Decimal Classification number |
174.7:338.22 H-31 |
| 100 1# - MAIN ENTRY--PERSONAL NAME |
| Personal name |
Hartman, Laura P., |
| Relator term |
author. |
| 9 (RLIN) |
14424 |
| 245 10 - TITLE STATEMENT |
| Title |
Business ethics : |
| Remainder of title |
decision making for personal integrity and social responsibility / |
| Statement of responsibility, etc. |
Laura P. Hartman, Joseph DesJardins, Chris MacDonald. |
| 250 ## - EDITION STATEMENT |
| Edition statement |
Fifth Edition. |
| 263 ## - PROJECTED PUBLICATION DATE |
| Projected publication date |
2002 |
| 264 #1 - PRODUCTION, PUBLICATION, DISTRIBUTION, MANUFACTURE, AND COPYRIGHT NOTICE |
| Place of production, publication, distribution, manufacture |
New York : |
| Name of producer, publisher, distributor, manufacturer |
McGraw-Hill Education, |
| Date of production, publication, distribution, manufacture, or copyright notice |
2020. |
| 300 ## - PHYSICAL DESCRIPTION |
| Extent |
xvi, 411 pages .: |
| Other physical details |
llustrationen, Diagramme, |
| Dimensions |
23 cm. |
| 336 ## - CONTENT TYPE |
| Content type term |
text |
| Content type code |
txt |
| Source |
rdacontent |
| 337 ## - MEDIA TYPE |
| Media type term |
unmediated |
| Media type code |
n |
| Source |
rdamedia |
| 338 ## - CARRIER TYPE |
| Carrier type term |
volume |
| Carrier type code |
nc |
| Source |
rdacarrier |
| 520 ## - SUMMARY, ETC. |
| Summary, etc. |
"This textbook provides a comprehensive, yet accessible introduction to the ethical issues arising in business. Students who are unfamiliar with ethics will find that they are as unprepared for careers in business as students who are unfamiliar with accounting and finance. It is fair to say that students will not be fully prepared, even within traditional disciplines such as accounting, finance, human resource management, marketing, and management, unless they are sufficiently knowledgeable about the ethical issues that arise specifically within and across those fields"-- |
| Assigning source |
Provided by publisher. |
| 521 ## - TARGET AUDIENCE NOTE |
| Target audience note |
Ages 18+ |
| Source |
McGraw-Hill Education |
| 653 ## - INDEX TERM--UNCONTROLLED |
| keyword |
Business ethics |
| 653 ## - INDEX TERM--UNCONTROLLED |
| keyword |
ბიზნეს ეთიკა |
| 700 1# - ADDED ENTRY--PERSONAL NAME |
| Personal name |
DesJardins, Joseph, |
| Relator term |
author. |
| 9 (RLIN) |
14425 |
| 700 1# - ADDED ENTRY--PERSONAL NAME |
| Personal name |
MacDonald, Chris, |
| Relator term |
author. |
| 9 (RLIN) |
14426 |
| 906 ## - LOCAL DATA ELEMENT F, LDF (RLIN) |
| a |
0 |
| b |
ibc |
| c |
orignew |
| d |
2 |
| e |
epcn |
| f |
20 |
| g |
y-gencatlg |
| 942 ## - ADDED ENTRY ELEMENTS (KOHA) |
| Source of classification or shelving scheme |
|
| Koha item type |
წიგნი |